000 00853nas a2200265 4500
001 BR2012002605
003 BR-BrBNA
005 20231205120421.0
007 ta
008 230509b bl.|||p| |||| 00| 00por d
040 _aBR-BrBNA
_bpor
_cBiblioteca Nacional de Agricultura
041 _a(Pt)
072 _aF03; F62
100 1 _aOliveira, A.B. de
100 1 _aGomes-Filho, E.
245 1 _aEfeito do condicionamento osmótico na germinação e vigor de sementes de sorgo com diferentes qualidades fisiológicas
650 _aSORGO GRANÍFERO
650 _aGERMINAÇÃO
650 _aVIGOR HÍBRIDO
650 _aQUALIDADE
650 _aMATURAÇÃO
773 0 _tRevista Brasileira de Sementes (Brazil)
_xISSN 0101-3122
_g(Sep 2010), v. 32(3) p. 25-34
_wBR2012002605
909 _a202311
_bLúcia
_c55
_dLúcia Elande
942 _2AGRIS
_n0
_cANA
999 _c218392
_d218392